000 00723nam a22002177a 4500
999 _c8236
_d8236
003 AR-CdUCM
008 190322b ||||| |||| 00| 0 spa d
040 _aMUNICIPALIDAD PROVINCIAL DEL CUSCO
_cBIBLIOTECA MUNICIPAL DEL CUSCO
082 _a128.2 /
_bR63
100 _aRio, Alonso del
_923184
245 _aLos cuatro altares :
_bel libro de la liberación /
260 _aCusco :
_c2016.
300 _a261 páginas ;
_bilustraciones,
_c21 cm.
505 _aContenido: Introducción de los cuatro altares -- Los cuatro altares.
650 _aMente y cuerpo
_923185
650 _aConsejos, reflexiones
_917475
650 _aPaz interior
_923186
650 _aVida espiritual
_94764
942 _2ddc
_cLIBROS
945 _aachl